Devine le joueur de foot #2 - Statistiques

Statistiques générales
  • Ce quiz a été pris 157 fois
  • Le résultat moyen est 15 sur 20
Statistiques - réponses
Par images Réponse % Correct
Neymar da Silva Santos Júnior
98%
Erling Haaland
97%
Carles Puyol
95%
Ricardo Izecson dos Santos Leite
93%
Romelu Lukaku
93%
Xavi Simons
92%
Frenkie de Jong
91%
Layvin Kurzawa
90%
Ansu Fati
89%
David Luiz
88%
Sergio Busquets
88%
Claude Makélélé
79%
Anderson Souza Conceição
70%
Manuel Locatelli
67%
Vincent Aboubakar
58%
Guillaume Restes
54%
Diogo Costa
53%
Franco Mastantuono
52%
Lassana Diarra
52%
Lev Yachine
29%
Aucun quiz correspondant
Distribution des résultats
% des personnes avec chaque résultat
Percentile par nombre de réponses
Votre historique - résultats
Vous n’avez pas pris ce quiz